| 000 | 00557nam a22001937a 4500 | ||
|---|---|---|---|
| 003 | 0 | ||
| 005 | 20240920124754.0 | ||
| 008 | 240920b xxu||||| |||| 00| 0 eng d | ||
| 020 | _a978-81-19920-34-1 | ||
| 050 |
_aPN 4784 _b.F73 2024 |
||
| 100 | _aFraser, Janic | ||
| 245 |
_aComputer applications for journalism _cFraser, Janic |
||
| 260 |
_aNew Delhi India _bVenus books _cC2024 |
||
| 300 |
_aix, 286p. _c24cm. |
||
| 500 | _aJournalism. | ||
| 500 | _aComputer-- assisted instruction. | ||
| 650 | _a includes bibliography and index. | ||
| 942 |
_2lcc _cBK |
||
| 999 |
_c366274 _d366274 |
||